Datum a čas kvízu
19.5
Celkem bodů
Celkový počet nahraných bodů na tomto kvízu bez doplňovacích otázek.
5.
Pořadí na kvízu
Konečné umístění týmu na tomto kvízu.
Zaznamenané odpovědi
| # | Otázka | Odpověď | Body | Výsledky |
|---|---|---|---|---|
| 1. | Vláda ve středu večer slavnost... | začátek II. sv. války – 1938 místo 1939 | 0 | |
| 2. | Minulý týden bylo rozhodnuto o... | Julian Assange | 0 | |
| 3. | Jedna z hlavních postav animov... | (Buzz) Rakeťák | 1 | |
| 4. | Společnost Apple následovala m... | Ulož.to | 0 | |
| 5. | 0:4 – to je nejhorší domácí po... | Maďarsko | 1 | |
| 6. | V následujících pěti otázkách... | Vykoupení z věznice Shawshank; Tim Robbins a Morgan Freeman | 0.5 | |
| 7. | Pokračujeme snímkem Pulp Ficti... | 1D 2B 3C 4A | 0 | |
| 8. | V roce 2013 byl natočen životo... | James Hunt, Niki Lauda | 1 | |
| 9. | Jak zní příjmení manželského p... | Márovi | 1 | |
| 10. | Přiřaďte k sobě herecké předst... | 1A 2B 3C 4D | 0 |